<?xml version="1.0" encoding="UTF-8"?>
<record
    xmlns:xsi="http://www.w3.org/2001/XMLSchema-instance"
    xsi:schemaLocation="http://www.loc.gov/MARC21/slim http://www.loc.gov/standards/marcxml/schema/MARC21slim.xsd"
    xmlns="http://www.loc.gov/MARC21/slim">

  <leader>00645mm  a2200193a 44500</leader>
  <controlfield tag="001">NM030016</controlfield>
  <controlfield tag="003">RG CODE MARC</controlfield>
  <controlfield tag="008">95020s1926    ||||||||||||||000 | spa||</controlfield>
  <controlfield tag="005">20251028183339.0</controlfield>
  <datafield tag="040" ind1=" " ind2=" ">
    <subfield code="a">ORG CODE MARC </subfield>
  </datafield>
  <datafield tag="245" ind1=" " ind2=" ">
    <subfield code="a">Canciones</subfield>
    <subfield code="b">patri&#xF3;ticas, escolares, cristianas, y del hogar</subfield>
  </datafield>
  <datafield tag="250" ind1=" " ind2=" ">
    <subfield code="a">2&#xAA; ed., corr. y aum.</subfield>
  </datafield>
  <datafield tag="260" ind1=" " ind2=" ">
    <subfield code="a">Buenos Aires</subfield>
    <subfield code="b">[s.n.]</subfield>
  </datafield>
  <datafield tag="300" ind1=" " ind2=" ">
    <subfield code="a">168, [6] p.</subfield>
    <subfield code="b">14 cm.</subfield>
  </datafield>
  <datafield tag="500" ind1=" " ind2=" ">
    <subfield code="a">A la cabeza de la port.: Escuelas e Institutos Filantr&#xF3;picos Argentinos (Asociaci&#xF3;n Nacional)</subfield>
  </datafield>
  <datafield tag="500" ind1=" " ind2=" ">
    <subfield code="a">Propiedad anterior de Pablo Daniel Bordenave, -2024</subfield>
  </datafield>
  <datafield tag="500" ind1=" " ind2=" ">
    <subfield code="a">"Para el uso de las Escuelas"</subfield>
  </datafield>
  <datafield tag="942" ind1=" " ind2=" ">
    <subfield code="c">BK</subfield>
  </datafield>
  <datafield tag="999" ind1=" " ind2=" ">
    <subfield code="c">29323</subfield>
    <subfield code="d">29323</subfield>
  </datafield>
  <datafield tag="952" ind1=" " ind2=" ">
    <subfield code="0">0</subfield>
    <subfield code="1">0</subfield>
    <subfield code="4">0</subfield>
    <subfield code="7">0</subfield>
    <subfield code="a">BP</subfield>
    <subfield code="b">BP</subfield>
    <subfield code="d">2025-10-28</subfield>
    <subfield code="l">0</subfield>
    <subfield code="p">046651</subfield>
    <subfield code="r">2025-10-28 18:33:39</subfield>
    <subfield code="w">2025-10-28</subfield>
    <subfield code="y">BK</subfield>
  </datafield>
</record>
